Buffy song names by who sang it Quiz Stats

 Plays Quiz not verified by Sporcle

Challenge
Share
Tweet
Embed
Score 0/12 Timer 04:00
0 Plays Today
Person Song % Correct
Sang by: Buffy???
92.5%
Sang by: Spike???
92.5%
Sang by: Buffy, Giles, Xander, Willow, Tara, Anya,???
90.5%
Sang by: Willow, Tara???
89.8%
Sang by: Xander, Anya???
89.1%
Sang by: All???
83.7%
Sang by: All???
81%
Sang by: Giles???
80.3%
Sang by: The Mustard Man???
70.1%
Sang by: Buffy, Spike???
55.8%
Sang by: Sweet, Dawn???
53.1%
Sang by: Dawn???
18.4%

You're not logged in!

Compare scores with friends on all Sporcle quizzes.
OR
Log In

You Might Also Like...

Show Comments

Extras

Top Quizzes Today


Score Distribution

Your Account Isn't Verified!

In order to create a playlist on Sporcle, you need to verify the email address you used during registration. Go to your Sporcle Settings to finish the process.

Report this User

Report this user for behavior that violates our Community Guidelines.

Details: